The Complete book of sailing /

Bibliographic Details
Other Authors: Cook, Peter, 1934-, Webb, Barbara, 1929-, Jones, Theodore A.
Format: Book
Language:English
Published: Garden City, N.Y. : Doubleday, 1977
Subjects:

MARC

Tag First Indicator Second Indicator Subfields
LEADER 00000cam a2200000 a 4500
001 in00000087269
005 20151008062856.0
008 770914s1977 nyua 00100 eng
010 |a  76019620  
020 |a 0385115318 :  |c $14.95 
035 |a (OCoLC)03329019 
035 |9 AAK1115AM 
040 |a DLC  |c DLC  |d m.c.  |d TXA  |d UtOrBLW 
049 |a TXAM  |c [1503172] 
050 0 0 |a GV811  |b  C565 1977 
082 0 |a 797.1/24 
090 |a GV811  |b  C565 1981 
245 0 4 |a The Complete book of sailing /  |c edited by Peter Cook and Barbara Webb, consultant editor, Theodore A. Jones. 
264 1 |a Garden City, N.Y. :  |b Doubleday,  |c 1977 
264 3 |c 1981 printing 
300 |a 304 pages :  |b illustrations (some color) ;  |c 26 cm. 
336 |a text  |b txt  |2 rdacontent 
337 |a unmediated  |b n  |2 rdamedia 
338 |a volume  |b nc  |2 rdacarrier 
500 |a Includes index. 
650 0 |a Sailing. 
700 1 |a Cook, Peter,  |d 1934- 
700 1 |a Webb, Barbara,  |d 1929- 
700 1 |a Jones, Theodore A. 
999 |a MARS 
999 f f |s 6ed7db09-215c-3382-b6db-698e68b3e526  |i 44b89105-6622-35ca-aa37-c87e418e1a4d  |t 0 
952 f f |p ric  |a Texas A&M University  |b Rellis Campus  |c Joint Library Facility  |d Remote Storage  |t 0  |e GV811 C565 1981  |h Library of Congress classification  |i unmediated -- volume  |m A14805976431 
998 f f |a GV811 C565 1981  |t 0  |l Remote Storage